Scary TV Shows Quiz Stats

Quiz Updated Oct 30, 2015

Challenge
Share
Tweet
Score 0/20 Timer 05:00
4 Plays Today
% Correct
The Walking Dead
92.5%
Buffy the Vampire Slayer
90.3%
Barney and Friends
85.9%
The X-Files
76.5%
The Twilight Zone
72.3%
Game of Thrones
70.5%
True Blood
70.5%
American Horror Story: Freak Show
66.1%
Hannibal
61.8%
Supernatural
59.7%
% Correct
Tales from the Crypt
58.1%
The Vampire Diaries
51.4%
Alfred Hitchcock Presents
50%
Doctor Who
40.2%
iZombie
39.2%
Grimm
31.6%
Bates Motel
31.5%
Angel
22.6%
Are You Afraid of the Dark?
21.6%
Penny Dreadful
15.9%

You're not logged in!

Compare scores with friends on all Sporcle quizzes.
Sign Up with Email
OR
Log In

You Might Also Like...

Show Comments

Extras

Top Quizzes Today


Score Distribution

Your Account Isn't Verified!

In order to create a playlist on Sporcle, you need to verify the email address you used during registration. Go to your Sporcle Settings to finish the process.